<?xml version="1.0" encoding="UTF-8"?>
<marc:record xmlns:marc="http://www.loc.gov/MARC21/slim">
   <marc:leader>00000nam a2200000 a 4500</marc:leader>
   <marc:datafield ind1="1" ind2=" " tag="100">
      <marc:subfield code="a">Stehn, Malin</marc:subfield>
      <marc:subfield code="4">aut</marc:subfield>
      <marc:subfield code="e">Verfasser/-in</marc:subfield>
   </marc:datafield>
   <marc:datafield ind1="1" ind2=" " tag="100">
      <marc:subfield code="a">Rieck-Blankenburg, Antje</marc:subfield>
   </marc:datafield>
   <marc:datafield ind1="0" ind2="0" tag="245">
      <marc:subfield code="a">Schattengast</marc:subfield>
   </marc:datafield>
   <marc:datafield ind1="0" ind2="0" tag="245">
      <marc:subfield code="b">Kriminalroman | Der neue albtraumhaft lebensechte Schweden-Krimi der Bestseller-Autorin</marc:subfield>
   </marc:datafield>
   <marc:datafield ind1="0" ind2="0" tag="245">
      <marc:subfield code="c">Stehn, Malin</marc:subfield>
   </marc:datafield>
   <marc:datafield ind1=" " ind2="1" tag="264">
      <marc:subfield code="a">Frankfurt am Main</marc:subfield>
      <marc:subfield code="b">FISCHER Scherz</marc:subfield>
      <marc:subfield code="c">2026</marc:subfield>
   </marc:datafield>
   <marc:datafield ind1=" " ind2=" " tag="250">
      <marc:subfield code="a">1. Auflage</marc:subfield>
   </marc:datafield>
   <marc:datafield ind1="1" ind2=" " tag="520">
      <marc:subfield code="a">Sandra hat die perfekte Geburtstagsparty geplant: Bei Sekt und Leckereien setzen alle ein Lächeln auf, doch im Hintergrund braut sich Schreckliches zusammen – am nächsten Tag liegt Sandra erstochen in ihrem Blut im Haus. Der Schock zerreißt die Nachbarschaft, die Polizei steht vor einem Rätsel: Hatte Sandra, die liebevolle Mutter, etwas zu verbergen? Oder ihr Mann Jack, dessen Erfolg als Autor schon lange zurückliegt? Was ist mit den Freunden Lejla und Nedim, die sich ihren Platz in der Gesellschaft hart erarbeitet haben? Und warum haben sich die Teenagertöchter der beiden Familien entfremdet, seit Molly mit Isse aus dem Brennpunktviertel zusammen ist? Während im Rückblick die Party eskaliert, sucht die Polizei verzweifelt nach dem Mörder.&#xD;
»Kommt einem so nahe, dass man sich nicht wehren kann.« Mattias Edvardsson</marc:subfield>
   </marc:datafield>
   <marc:datafield ind1=" " ind2=" " tag="020">
      <marc:subfield code="a">9783651025240</marc:subfield>
      <marc:subfield code="9">9783651025240</marc:subfield>
   </marc:datafield>
   <marc:datafield ind1=" " ind2=" " tag="020">
      <marc:subfield code="a">3651025241</marc:subfield>
      <marc:subfield code="9">3651025241</marc:subfield>
   </marc:datafield>
   <marc:datafield ind1=" " ind2=" " tag="041">
      <marc:subfield code="a">ger</marc:subfield>
   </marc:datafield>
   <marc:datafield ind1=" " ind2=" " tag="338">
      <marc:subfield code="a">Band</marc:subfield>
   </marc:datafield>
   <marc:datafield ind1=" " ind2=" " tag="300">
      <marc:subfield code="a">448 Seiten</marc:subfield>
   </marc:datafield>
</marc:record>
